000 00818nam a2200253 i 4500
003 DO-SdBNP
005 20240308073620.0
006 a||||gr|||| 00| 0
007 ta
008 230509e2022 dr ||||gr|||| 00| e spa d
020 _a9789945934380
040 _aDO-SdBNP
_bspa
_cBNPHU
_erda
082 4 _222
_bC745u
245 _aTertulia :
_bUno de esos días de abril. /
_cPedro Conde Sturla; cuidado de la edición, Avelino Stanley
264 3 0 _aSanto Domingo :
_bMuseo Memorial de la Resistencia Dominicana,
_c2022
300 _a73 páginas ;
_c21 cm.
336 _2rdaconten
_atexto
_btxt
337 _2rdamedia
_asin medición
_bn
338 _2rdacarrier
_avolumen
_bnc
490 _aTertulia ;
_v12
590 _aInvnentariado 2023 / MF
700 1 _aStanley, Avelino,
_d1959-
_eedición
_91536
942 _2ddc
_cLBS1
999 _c53456
_d53456